000 00776cab a2200253 4500
001 ABS51936
008 090401t1995 xxu||||| |||| 00| 0 eng d
035 _a(Sirsi) u51740
041 _aeng
100 _aHamilton, B.
245 4 _aThe public relations of property
260 _c1995
350 _a0
490 _aProperty Review
_v4(7) December 1994/January 1995, 229-231(3)
520 _aExplains how a PR company can help developers prepare a case for their project and form a continuing PR strategy through construction to completion.
650 _aDEVELOPERS
650 _aMARKETING
650 _aPUBLIC RELATIONS
690 _aPROPERTY-COMMERCIAL PROPERTY
690 _aDEVELOPMENT
700 _aDimoldenberg, P.
942 _n0
948 _c04/03/1997
999 _c32108
_d32108